00300 a2200121 4500001000700000020002200007040003500029100002100064240003200085245002700117362000900144440002500153157406 a978-85-7406-978-4 cEscola São Tomás de Aquino aSARAMAGO, José10aO silêncio da águalpor10aO silêncio da água0 a2021 1aCompanhia das Letras